[Event "DEM U14w 2024"]
[Site "Willingen GER"]
[Date "2024.05.24"]
[Round "8"]
[White "Rafikova, Ailin"]
[Black "Fischermann, Charlotte"]
[Result "1-0"]
[Termination "normal"]
[Board "10"]
[WhiteElo "1627"]
[BlackElo "1622"]
[WhiteClock "00:20:37"]
[BlackClock "01:24:13"]
[PlyCount "97"]
[WhiteFideId "34612173"]
[BlackFideId "34619690"]
[EventCountry "GER"]
[EventRounds "9"]
[EventType "swiss"]
[EventDate "2024.05.18"]

1. e4 {[%clk 01:30:59]} d5 {[%clk 01:30:42]} {[%emt 00:00:18]} 2. exd5 {[%clk
01:30:59]} {[%emt 00:00:32]} Nf6 {[%clk 01:30:47]} {[%emt 00:00:23]} 3. d4
{[%clk 01:30:47]} {[%emt 00:00:42]} Qxd5 {[%clk 01:30:07]} {[%emt 00:01:11]} 4.
Nc3 {[%clk 01:29:28]} {[%emt 00:01:48]} Qd8 {[%clk 01:30:28]} {[%emt 00:00:09]}
5. Bf4 {[%clk 01:24:48]} {[%emt 00:05:09]} Nd5 {[%clk 01:27:08]} {[%emt
00:03:51]} 6. Nxd5 {[%clk 01:23:05]} {[%emt 00:02:13]} Qxd5 {[%clk 01:27:32]}
{[%emt 00:00:06]} 7. c3 {[%clk 01:21:14]} {[%emt 00:02:20]} Qe4+ {[%clk
01:26:35]} {[%emt 00:01:28]} 8. Be3 {[%clk 01:20:48]} {[%emt 00:00:56]} Bf5
{[%clk 01:26:21]} {[%emt 00:00:44]} 9. Nf3 {[%clk 01:15:39]} {[%emt 00:05:39]}
Bg4 {[%clk 01:24:49]} {[%emt 00:02:01]} 10. Bd3 {[%clk 01:11:55]} {[%emt
00:04:15]} Qd5 {[%clk 01:21:32]} {[%emt 00:03:47]} 11. Be2 {[%clk 01:10:21]}
{[%emt 00:02:02]} c6 {[%clk 01:19:24]} {[%emt 00:02:40]} 12. O-O {[%clk
01:07:00]} {[%emt 00:03:50]} Nd7 {[%clk 01:17:14]} {[%emt 00:02:41]} 13. Re1
{[%clk 01:03:50]} {[%emt 00:03:40]} f6 {[%clk 01:11:10]} {[%emt 00:06:34]} 14.
Qc2 {[%clk 01:01:06]} {[%emt 00:03:14]} Bf5 {[%clk 01:10:33]} {[%emt 00:01:06]}
15. Bd3 {[%clk 01:00:12]} {[%emt 00:01:25]} Bxd3 {[%clk 01:10:54]} {[%emt
00:00:09]} 16. Qxd3 {[%clk 01:00:38]} {[%emt 00:00:03]} Nb6 {[%emt 00:01:33]}
17. Bf4 {[%clk 00:54:57]} {[%emt 00:06:06]} Nc4 {[%clk 01:06:48]} {[%emt
00:03:39]} 18. b3 {[%clk 00:51:24]} {[%emt 00:04:02]} Nb6 {[%clk 01:04:58]}
{[%emt 00:02:21]} 19. Re2 {[%clk 00:49:56]} {[%emt 00:01:58]} O-O-O {[%clk
01:03:04]} {[%emt 00:02:24]} 20. Qc2 {[%clk 00:45:48]} {[%emt 00:04:38]} e6
{[%clk 00:58:42]} {[%emt 00:04:52]} 21. Rae1 {[%clk 00:44:18]} {[%emt
00:02:00]} Bd6 {[%clk 00:58:10]} {[%emt 00:01:02]} 22. c4 {[%clk 00:41:07]}
{[%emt 00:03:41]} Nxc4 {[%clk 00:54:03]} {[%emt 00:04:37]} 23. bxc4 {[%clk
00:41:13]} {[%emt 00:00:24]} Qf5 {[%clk 00:54:08]} {[%emt 00:00:25]} 24. Qxf5
{[%clk 00:39:29]} {[%emt 00:02:13]} exf5 {[%clk 00:54:32]} {[%emt 00:00:07]}
25. Bxd6 {[%clk 00:34:02]} {[%emt 00:05:56]} Rxd6 {[%clk 00:54:56]} {[%emt
00:00:07]} 26. Re8+ {[%clk 00:31:42]} {[%emt 00:02:49]} Rxe8 {[%clk 00:55:20]}
{[%emt 00:00:07]} 27. Rxe8+ {[%clk 00:32:09]} {[%emt 00:00:03]} Kc7 {[%clk
00:55:21]} {[%emt 00:00:29]} 28. Re7+ {[%clk 00:31:24]} {[%emt 00:01:14]} Rd7
{[%clk 00:55:45]} {[%emt 00:00:08]} 29. Rxd7+ {[%clk 00:15:10]} {[%emt
00:16:43]} Kxd7 {[%clk 00:56:09]} {[%emt 00:00:07]} 30. Kf1 {[%clk 00:10:46]}
{[%emt 00:04:53]} b5 {[%clk 00:56:20]} {[%emt 00:00:19]} 31. cxb5 {[%clk
00:09:28]} {[%emt 00:01:48]} cxb5 {[%clk 00:56:46]} {[%emt 00:00:05]} 32. Ke2
{[%clk 00:08:55]} {[%emt 00:01:01]} Kd6 {[%clk 00:56:52]} {[%emt 00:00:24]} 33.
Kd3 {[%clk 00:08:51]} {[%emt 00:00:34]} Kd5 {[%clk 00:56:36]} {[%emt 00:00:47]}
34. Kc3 {[%clk 00:07:13]} {[%emt 00:02:08]} a5 {[%clk 00:56:52]} {[%emt
00:00:14]} 35. Nd2 {[%clk 00:04:48]} {[%emt 00:02:55]} b4+ {[%clk 00:56:28]}
{[%emt 00:00:54]} 36. Kd3 {[%clk 00:04:43]} {[%emt 00:00:34]} a4 {[%clk
00:56:22]} {[%emt 00:00:38]} 37. Nc4 {[%clk 00:03:21]} {[%emt 00:01:51]} a3
{[%clk 00:56:41]} {[%emt 00:00:11]} 38. Nd2 {[%clk 00:03:13]} {[%emt 00:00:37]}
g5 {[%clk 00:56:28]} {[%emt 00:00:43]} 39. Nb3 {[%clk 00:02:29]} {[%emt
00:01:14]} h5 {[%clk 00:56:01]} {[%emt 00:00:58]} 40. f4 {[%clk 00:00:48]}
{[%emt 00:02:10]} h4 {[%clk 00:54:54]} {[%emt 00:01:37]} 41. g3 {[%clk
00:27:07]} {[%emt 00:04:12]} h3 {[%clk 01:24:43]} {[%emt 00:00:41]} 42. Nd2
{[%clk 00:25:32]} {[%emt 00:02:04]} g4 {[%clk 01:24:15]} {[%emt 00:00:59]} 43.
Nb3 {[%clk 00:25:12]} {[%emt 00:00:49]} Kc6 {[%clk 01:22:41]} {[%emt 00:02:05]}
44. Kc4 {[%clk 00:24:39]} {[%emt 00:01:02]} Kd6 {[%clk 01:23:00]} {[%emt
00:00:12]} 45. d5 {[%clk 00:20:40]} {[%emt 00:04:29]} Kc7 {[%clk 01:23:16]}
{[%emt 00:00:14]} 46. Kxb4 {[%clk 00:20:36]} {[%emt 00:00:33]} Kd6 {[%clk
01:23:38]} {[%emt 00:00:09]} 47. Kc4 {[%clk 00:20:49]} {[%emt 00:00:15]} Kd7
{[%clk 01:23:54]} {[%emt 00:00:16]} 48. Nd2 {[%clk 00:20:19]} {[%emt 00:01:00]}
Kd6 {[%clk 01:24:13]} {[%emt 00:00:12]} 49. Nb1 {[%clk 00:20:37]} {[%emt
00:00:11]} 1-0

[Event "DEM U14w 2024"]
[Site "Willingen GER"]
[Date "2024.05.24"]
[Round "8"]
[White "Abram, Kristina-Maria"]
[Black "Richter, Anastasia"]
[Result "0-1"]
[Termination "normal"]
[Board "11"]
[WhiteElo "1482"]
[BlackElo "1562"]
[WhiteClock "01:28:01"]
[BlackClock "00:21:25"]
[PlyCount "92"]
[WhiteFideId "16298349"]
[BlackFideId "34659099"]
[EventCountry "GER"]
[EventRounds "9"]
[EventType "swiss"]
[EventDate "2024.05.18"]

1. e4 {[%clk 01:30:58]} {[%emt 00:00:01]} e5 {[%clk 01:30:56]} {[%emt
00:00:05]} 2. Nf3 {[%clk 01:31:24]} {[%emt 00:00:04]} Nc6 {[%clk 01:31:23]}
{[%emt 00:00:03]} 3. d4 {[%clk 01:31:44]} {[%emt 00:00:09]} exd4 {[%clk
01:31:48]} {[%emt 00:00:05]} 4. Bc4 {[%clk 01:32:07]} {[%emt 00:00:06]} Nf6
{[%clk 01:32:02]} {[%emt 00:00:18]} 5. e5 {[%clk 01:32:10]} {[%emt 00:00:25]}
d5 {[%clk 01:32:25]} {[%emt 00:00:07]} 6. Bb5 {[%clk 01:32:27]} {[%emt
00:00:13]} Ne4 {[%clk 01:32:48]} {[%emt 00:00:07]} 7. Nxd4 {[%clk 01:32:42]}
{[%emt 00:00:15]} Bd7 {[%clk 01:33:05]} {[%emt 00:00:13]} 8. Bxc6 {[%clk
01:33:00]} {[%emt 00:00:12]} bxc6 {[%clk 01:33:25]} {[%emt 00:00:11]} 9. O-O
{[%clk 01:32:43]} {[%emt 00:00:46]} Bc5 {[%clk 01:33:46]} {[%emt 00:00:09]} 10.
c3 {[%clk 01:32:53]} {[%emt 00:00:20]} Bb6 {[%clk 01:22:46]} {[%emt 00:11:30]}
11. Nd2 {[%clk 01:32:29]} {[%emt 00:00:54]} Nxd2 {[%clk 01:21:14]} {[%emt
00:02:02]} 12. Bxd2 {[%clk 01:32:48]} {[%emt 00:00:11]} O-O {[%clk 01:16:16]}
{[%emt 00:05:28]} 13. Qf3 {[%clk 01:32:41]} {[%emt 00:00:33]} c5 {[%clk
01:08:53]} {[%emt 00:07:55]} 14. Nc2 {[%clk 01:30:53]} {[%emt 00:02:17]} Be6
{[%clk 01:05:56]} {[%emt 00:03:29]} 15. Qg3 {[%clk 01:30:05]} {[%emt 00:01:16]}
f6 {[%clk 00:59:17]} {[%emt 00:07:11]} 16. a4 {[%clk 01:26:09]} {[%emt
00:04:27]} a5 {[%clk 00:54:34]} {[%emt 00:05:13]} 17. Bf4 {[%clk 01:22:07]}
{[%emt 00:04:26]} Rc8 {[%clk 00:50:42]} {[%emt 00:04:25]} 18. Rfe1 {[%clk
01:19:44]} {[%emt 00:02:52]} f5 {[%clk 00:40:42]} {[%emt 00:10:35]} 19. Rad1
{[%clk 01:12:54]} {[%emt 00:07:17]} Qe7 {[%clk 00:34:35]} {[%emt 00:06:34]} 20.
Bg5 {[%clk 01:08:47]} {[%emt 00:04:39]} Qf7 {[%clk 00:34:39]} {[%emt 00:00:27]}
21. Qf3 {[%clk 01:08:29]} {[%emt 00:00:46]} h6 {[%clk 00:29:54]} {[%emt
00:05:19]} 22. Bc1 {[%clk 01:07:33]} {[%emt 00:01:15]} g5 {[%clk 00:19:27]}
{[%emt 00:11:05]} 23. Qh3 {[%clk 01:05:21]} {[%emt 00:02:44]} Qg6 {[%clk
00:16:38]} {[%emt 00:03:18]} 24. Ne3 {[%clk 01:03:43]} {[%emt 00:02:03]} d4
{[%clk 00:14:54]} {[%emt 00:02:20]} 25. cxd4 {[%clk 01:03:48]} {[%emt
00:00:25]} f4 {[%clk 00:14:16]} {[%emt 00:01:05]} 26. Ng4 {[%clk 01:04:06]}
{[%emt 00:00:14]} h5 {[%clk 00:14:21]} {[%emt 00:00:24]} 27. dxc5 {[%clk
01:02:27]} {[%emt 00:02:11]} Bxg4 {[%clk 00:13:52]} {[%emt 00:00:58]} 28. Qb3+
{[%clk 01:02:31]} {[%emt 00:00:23]} Be6 {[%clk 00:13:41]} {[%emt 00:00:43]} 29.
Qc3 {[%clk 01:02:42]} {[%emt 00:00:18]} Ba7 {[%clk 00:12:14]} {[%emt 00:01:59]}
30. Qxa5 {[%clk 01:03:07]} {[%emt 00:00:08]} Ra8 {[%clk 00:11:20]} {[%emt
00:01:17]} 31. Qxc7 {[%clk 01:03:11]} {[%emt 00:00:32]} Rfc8 {[%clk 00:10:56]}
{[%emt 00:00:51]} 32. Qb7 {[%clk 01:02:13]} {[%emt 00:01:26]} Bxc5 {[%clk
00:09:47]} {[%emt 00:01:42]} 33. b4 {[%clk 01:01:48]} {[%emt 00:00:57]} Rab8
{[%clk 00:07:53]} {[%emt 00:02:17]} 34. Qa6 {[%clk 01:00:22]} {[%emt 00:01:58]}
Bxb4 {[%clk 00:07:31]} {[%emt 00:00:53]} 35. Bd2 {[%clk 01:00:27]} {[%emt
00:00:29]} Bxd2 {[%clk 00:05:35]} {[%emt 00:02:26]} 36. Rxd2 {[%clk 01:00:52]}
{[%emt 00:00:05]} Qf7 {[%clk 00:04:24]} {[%emt 00:01:38]} 37. Rd6 {[%clk
01:01:08]} {[%emt 00:00:16]} Re8 {[%clk 00:03:24]} {[%emt 00:01:24]} 38. a5
{[%clk 01:00:53]} {[%emt 00:00:52]} Rbd8 {[%clk 00:02:17]} {[%emt 00:01:31]}
39. Red1 {[%clk 01:00:59]} {[%emt 00:00:30]} Rxd6 {[%clk 00:02:13]} {[%emt
00:00:34]} 40. Rxd6 {[%clk 01:01:08]} {[%emt 00:00:21]} Bf5 {[%clk 00:01:27]}
{[%emt 00:01:15]} 41. Rf6 {[%clk 01:00:27]} {[%emt 00:01:12]} Rxe5 {[%clk
00:21:06]} {[%emt 00:10:51]} 42. Qa8+ {[%clk 01:28:43]} {[%emt 00:02:11]} Qe8
{[%clk 00:21:11]} {[%emt 00:00:17]} 43. Qxe8+ {[%clk 01:27:32]} {[%emt
00:01:52]} Rxe8 {[%clk 00:21:39]} {[%emt 00:00:02]} 44. f3 {[%clk 01:27:51]}
{[%emt 00:00:10]} Bd3 {[%clk 00:21:12]} {[%emt 00:00:54]} 45. Rh6 {[%clk
01:27:40]} {[%emt 00:00:44]} Re1+ {[%clk 00:21:25]} {[%emt 00:00:17]} 46. Kf2
{[%clk 01:28:01]} {[%emt 00:00:06]} Rf1# {[%emt 00:00:11]} 0-1

[Event "DEM U14w 2024"]
[Site "Willingen GER"]
[Date "2024.05.24"]
[Round "8"]
[White "Ignatova, Gabriela"]
[Black "Neumann, Anna-Lena"]
[Result "0-1"]
[Termination "normal"]
[Board "12"]
[WhiteElo "1552"]
[BlackElo "861"]
[WhiteClock "00:13:05"]
[BlackClock "00:21:54"]
[PlyCount "70"]
[WhiteFideId "34623698"]
[BlackFideId "34660321"]
[EventCountry "GER"]
[EventRounds "9"]
[EventType "swiss"]
[EventDate "2024.05.18"]

1. e4 {[%clk 01:30:57]} {[%emt 00:00:02]} e5 {[%clk 01:30:54]} {[%emt
00:00:06]} 2. Nf3 {[%clk 01:31:23]} {[%emt 00:00:05]} Nc6 {[%clk 01:31:16]}
{[%emt 00:00:07]} 3. Bc4 {[%clk 01:31:47]} {[%emt 00:00:06]} Bc5 {[%clk
01:31:35]} {[%emt 00:00:12]} 4. c3 {[%clk 01:31:00]} {[%emt 00:01:17]} Nf6
{[%clk 01:31:47]} {[%emt 00:00:18]} 5. d3 {[%clk 01:31:25]} {[%emt 00:00:05]}
d6 {[%clk 01:31:26]} {[%emt 00:00:50]} 6. Nbd2 {[%clk 01:30:37]} {[%emt
00:01:19]} O-O {[%clk 01:30:50]} {[%emt 00:01:06]} 7. O-O {[%clk 01:29:49]}
{[%emt 00:01:18]} d5 {[%clk 01:29:59]} {[%emt 00:01:20]} 8. exd5 {[%clk
01:27:50]} {[%emt 00:02:29]} Nxd5 {[%clk 01:30:17]} {[%emt 00:00:12]} 9. Ne4
{[%clk 01:26:35]} {[%emt 00:01:45]} Bb6 {[%clk 01:29:21]} {[%emt 00:01:26]} 10.
Bg5 {[%clk 01:15:04]} {[%emt 00:12:01]} f6 {[%clk 01:28:06]} {[%emt 00:01:45]}
11. Bh4 {[%clk 01:10:54]} {[%emt 00:04:40]} Nce7 {[%clk 01:23:51]} {[%emt
00:04:44]} 12. Bb3 {[%clk 01:09:51]} {[%emt 00:01:34]} Nf5 {[%clk 01:22:37]}
{[%emt 00:01:44]} 13. c4 {[%clk 01:09:27]} {[%emt 00:00:55]} Nf4 {[%clk
01:13:18]} {[%emt 00:09:48]} 14. c5+ {[%clk 01:07:55]} {[%emt 00:02:03]} Kh8
{[%clk 01:12:48]} {[%emt 00:00:59]} 15. cxb6 {[%clk 01:07:34]} {[%emt
00:00:52]} axb6 {[%clk 01:12:29]} {[%emt 00:00:49]} 16. Bc2 {[%clk 01:00:36]}
{[%emt 00:07:28]} Nxh4 {[%clk 01:09:24]} {[%emt 00:03:34]} 17. Nxh4 {[%clk
00:51:42]} {[%emt 00:09:25]} f5 {[%clk 01:08:41]} {[%emt 00:01:12]} 18. Nxf5
{[%clk 00:49:51]} {[%emt 00:02:22]} Bxf5 {[%clk 01:07:50]} {[%emt 00:01:20]}
19. g3 {[%clk 00:48:06]} {[%emt 00:02:15]} Nh3+ {[%clk 01:07:11]} {[%emt
00:01:09]} 20. Kg2 {[%clk 00:47:59]} {[%emt 00:00:37]} Qd5 {[%clk 01:01:42]}
{[%emt 00:05:59]} 21. Bb3 {[%clk 00:44:13]} {[%emt 00:04:17]} Qc6 {[%clk
00:58:16]} {[%emt 00:03:54]} 22. Rc1 {[%clk 00:42:49]} {[%emt 00:01:56]} Qg6
{[%clk 00:55:54]} {[%emt 00:02:49]} 23. Rxc7 {[%clk 00:40:19]} {[%emt
00:03:03]} Bg4 {[%clk 00:53:44]} {[%emt 00:02:39]} 24. f3 {[%clk 00:39:35]}
{[%emt 00:01:14]} Nf4+ {[%clk 00:45:37]} {[%emt 00:08:36]} 25. Kh1 {[%clk
00:37:22]} {[%emt 00:02:38]} Bh3 {[%clk 00:43:07]} {[%emt 00:03:04]} 26. Rf2
{[%clk 00:36:46]} {[%emt 00:01:06]} Nh5 {[%clk 00:42:39]} {[%emt 00:00:58]} 27.
Qd2 {[%clk 00:35:23]} {[%emt 00:01:54]} Nf4 {[%clk 00:35:52]} {[%emt 00:07:17]}
28. gxf4 {[%clk 00:30:58]} {[%emt 00:04:56]} Rxf4 {[%clk 00:36:03]} {[%emt
00:00:18]} 29. d4 {[%clk 00:30:02]} {[%emt 00:01:25]} Raf8 {[%clk 00:32:31]}
{[%emt 00:04:01]} 30. Bc2 {[%clk 00:22:50]} {[%emt 00:07:44]} Rxf3 {[%clk
00:30:40]} {[%emt 00:02:21]} 31. Ng3 {[%clk 00:21:02]} {[%emt 00:02:17]} Qg4
{[%clk 00:28:52]} {[%emt 00:02:18]} 32. Rxb7 {[%clk 00:15:20]} {[%emt
00:06:13]} g6 {[%clk 00:26:12]} {[%emt 00:03:10]} 33. Bd1 {[%clk 00:13:46]}
{[%emt 00:02:05]} Rxf2 {[%clk 00:24:36]} {[%emt 00:02:05]} 34. Qxf2 {[%clk
00:12:47]} {[%emt 00:01:29]} Qxd1+ {[%clk 00:22:20]} {[%emt 00:02:46]} 35. Qg1
{[%clk 00:13:05]} {[%emt 00:00:12]} Qf3+ {[%clk 00:21:54]} {[%emt 00:00:56]}
0-1

[Event "DEM U14w 2024"]
[Site "Willingen GER"]
[Date "2024.05.24"]
[Round "8"]
[White "Hamati, Emeli"]
[Black "Mehner, Clara"]
[Result "0-1"]
[Termination "normal"]
[Board "13"]
[WhiteElo "853"]
[BlackElo "1647"]
[WhiteClock "00:52:30"]
[BlackClock "00:40:43"]
[PlyCount "56"]
[WhiteFideId "533000662"]
[BlackFideId "34612165"]
[EventCountry "GER"]
[EventRounds "9"]
[EventType "swiss"]
[EventDate "2024.05.18"]

1. e4 {[%clk 01:30:58]} e6 {[%clk 01:30:53]} {[%emt 00:00:07]} 2. Nf3 {[%clk
01:31:10]} {[%emt 00:00:17]} d5 {[%clk 01:31:15]} {[%emt 00:00:08]} 3. exd5
{[%clk 01:31:30]} {[%emt 00:00:11]} exd5 {[%clk 01:31:34]} {[%emt 00:00:11]} 4.
Nc3 {[%clk 01:31:52]} {[%emt 00:00:08]} c6 {[%clk 01:25:38]} {[%emt 00:06:26]}
5. d4 {[%clk 01:28:48]} {[%emt 00:03:33]} Bd6 {[%clk 01:24:56]} {[%emt
00:01:13]} 6. Bd3 {[%clk 01:26:49]} {[%emt 00:02:29]} Ne7 {[%clk 01:24:47]}
{[%emt 00:00:38]} 7. Be3 {[%clk 01:23:36]} {[%emt 00:03:44]} Bf5 {[%clk
01:24:01]} {[%emt 00:01:16]} 8. Bg5 {[%clk 01:22:16]} {[%emt 00:01:48]} f6
{[%clk 01:24:00]} {[%emt 00:00:33]} 9. Be3 {[%clk 01:22:16]} {[%emt 00:00:27]}
Nd7 {[%clk 01:19:52]} {[%emt 00:04:42]} 10. O-O {[%clk 01:17:44]} {[%emt
00:05:01]} O-O {[%clk 01:16:47]} {[%emt 00:03:35]} 11. Ne2 {[%clk 01:16:50]}
{[%emt 00:01:24]} Re8 {[%clk 01:13:28]} {[%emt 00:03:49]} 12. Ng3 {[%clk
01:16:34]} {[%emt 00:00:46]} Bxd3 {[%clk 01:10:25]} {[%emt 00:03:32]} 13. Qxd3
{[%clk 01:16:49]} {[%emt 00:00:16]} Nf8 {[%clk 01:08:00]} {[%emt 00:02:55]} 14.
c4 {[%clk 01:13:37]} {[%emt 00:03:42]} dxc4 {[%clk 01:01:37]} {[%emt 00:06:53]}
15. Qxc4+ {[%clk 01:13:11]} {[%emt 00:00:57]} Kh8 {[%clk 01:00:59]} {[%emt
00:01:07]} 16. Nh4 {[%clk 01:06:47]} {[%emt 00:06:53]} Qd7 {[%clk 00:52:08]}
{[%emt 00:09:21]} 17. Ngf5 {[%clk 01:00:01]} {[%emt 00:07:17]} Nxf5 {[%clk
00:51:22]} {[%emt 00:01:16]} 18. Nxf5 {[%clk 01:00:16]} {[%emt 00:00:14]} Qxf5
{[%clk 00:51:17]} {[%emt 00:00:36]} 19. Rae1 {[%clk 00:57:36]} {[%emt
00:03:10]} Re4 {[%clk 00:49:25]} {[%emt 00:02:21]} 20. Re2 {[%clk 00:57:03]}
{[%emt 00:01:03]} Qh5 {[%clk 00:48:00]} {[%emt 00:01:55]} 21. h3 {[%clk
00:57:07]} {[%emt 00:00:25]} Rae8 {[%clk 00:44:41]} {[%emt 00:03:50]} 22. Rfe1
{[%clk 00:56:02]} {[%emt 00:01:34]} Ng6 {[%clk 00:44:15]} {[%emt 00:00:58]} 23.
Qf7 {[%clk 00:56:13]} {[%emt 00:00:18]} Nf4 {[%clk 00:40:44]} {[%emt 00:04:02]}
24. Qxh5 {[%clk 00:56:12]} {[%emt 00:00:31]} Nxh5 {[%clk 00:41:11]} {[%emt
00:00:02]} 25. f3 {[%clk 00:53:40]} {[%emt 00:03:03]} R4e6 {[%clk 00:39:43]}
{[%emt 00:01:57]} 26. Kf1 {[%clk 00:52:33]} {[%emt 00:01:37]} Ng3+ {[%clk
00:40:03]} {[%emt 00:00:10]} 27. Kf2 {[%clk 00:52:23]} {[%emt 00:00:38]} Nxe2
{[%clk 00:40:21]} {[%emt 00:00:15]} 28. Kxe2 {[%clk 00:52:30]} {[%emt
00:00:23]} Rxe3+ {[%clk 00:40:43]} {[%emt 00:00:08]} 0-1

[Event "DEM U14w 2024"]
[Site "Willingen GER"]
[Date "2024.05.24"]
[Round "8"]
[White "Eitel, Liz"]
[Black "Funke, Luise"]
[Result "1-0"]
[Termination "normal"]
[Board "14"]
[WhiteElo "1602"]
[BlackElo "1330"]
[WhiteClock "00:17:34"]
[BlackClock "00:20:47"]
[PlyCount "83"]
[WhiteFideId "34622195"]
[BlackFideId "34623752"]
[EventCountry "GER"]
[EventRounds "9"]
[EventType "swiss"]
[EventDate "2024.05.18"]

1. e4 {[%clk 01:03:51]} {[%emt 00:12:08]} e5 {[%clk 01:30:53]} {[%emt
00:00:07]} 2. Nf3 {[%clk 01:04:14]} {[%emt 00:00:04]} Nc6 {[%clk 01:31:16]}
{[%emt 00:00:11]} 3. Bb5 {[%clk 01:04:40]} {[%emt 00:00:04]} a6 {[%clk
01:31:38]} {[%emt 00:00:08]} 4. Ba4 {[%clk 01:05:04]} {[%emt 00:00:06]} Nf6
{[%clk 01:31:58]} {[%emt 00:00:09]} 5. O-O {[%clk 01:04:45]} {[%emt 00:00:49]}
Be7 {[%clk 01:32:00]} {[%emt 00:00:28]} 6. c3 {[%clk 01:04:36]} {[%emt
00:00:39]} b5 {[%clk 01:30:29]} {[%emt 00:02:01]} 7. Bb3 {[%clk 01:03:56]}
{[%emt 00:01:10]} d6 {[%clk 01:30:45]} {[%emt 00:00:13]} 8. d3 {[%clk
01:04:01]} {[%emt 00:00:26]} O-O {[%clk 01:30:45]} {[%emt 00:00:30]} 9. h3
{[%clk 01:04:08]} {[%emt 00:00:23]} Be6 {[%clk 01:30:46]} {[%emt 00:00:29]} 10.
Bc2 {[%clk 01:02:59]} {[%emt 00:01:39]} Qd7 {[%clk 01:29:34]} {[%emt 00:01:42]}
11. d4 {[%clk 01:02:06]} {[%emt 00:01:23]} exd4 {[%clk 01:28:30]} {[%emt
00:01:34]} 12. cxd4 {[%clk 01:02:20]} {[%emt 00:00:17]} d5 {[%clk 01:25:20]}
{[%emt 00:03:40]} 13. e5 {[%clk 01:01:46]} {[%emt 00:01:04]} Ne4 {[%clk
01:24:22]} {[%emt 00:01:27]} 14. Nbd2 {[%clk 00:59:33]} {[%emt 00:02:43]} Bf5
{[%clk 01:23:03]} {[%emt 00:01:49]} 15. Re1 {[%clk 00:56:09]} {[%emt 00:03:55]}
Bb4 {[%clk 01:13:09]} {[%emt 00:10:24]} 16. Re2 {[%clk 00:51:42]} {[%emt
00:04:55]} Bxd2 {[%clk 01:12:05]} {[%emt 00:01:34]} 17. Bxd2 {[%clk 00:51:47]}
{[%emt 00:00:26]} Qe6 {[%clk 01:06:48]} {[%emt 00:05:48]} 18. Be3 {[%clk
00:46:37]} {[%emt 00:05:39]} Qg6 {[%clk 01:03:10]} {[%emt 00:04:08]} 19. Rc1
{[%clk 00:44:47]} {[%emt 00:02:18]} h6 {[%clk 00:58:07]} {[%emt 00:05:35]} 20.
Nh4 {[%clk 00:38:37]} {[%emt 00:06:40]} Qe6 {[%clk 00:53:36]} {[%emt 00:05:01]}
21. Nxf5 {[%clk 00:38:51]} {[%emt 00:00:17]} Nb4 {[%clk 00:41:29]} {[%emt
00:12:36]} 22. Bxe4 {[%clk 00:34:21]} {[%emt 00:05:00]} dxe4 {[%clk 00:41:50]}
{[%emt 00:00:10]} 23. Ng3 {[%clk 00:33:13]} {[%emt 00:01:38]} Qg6 {[%clk
00:40:56]} {[%emt 00:01:23]} 24. Rxc7 {[%clk 00:27:57]} {[%emt 00:05:46]} Nd5
{[%clk 00:41:13]} {[%emt 00:00:13]} 25. Rc5 {[%clk 00:27:26]} {[%emt 00:01:00]}
Ne7 {[%clk 00:38:33]} {[%emt 00:03:11]} 26. Rec2 {[%clk 00:25:25]} {[%emt
00:02:30]} Rfd8 {[%clk 00:34:17]} {[%emt 00:04:47]} 27. Qg4 {[%clk 00:24:10]}
{[%emt 00:01:44]} Qh7 {[%clk 00:33:02]} {[%emt 00:01:46]} 28. Qxe4 {[%clk
00:23:15]} {[%emt 00:01:25]} Qxe4 {[%clk 00:29:22]} {[%emt 00:04:10]} 29. Nxe4
{[%clk 00:23:40]} {[%emt 00:00:05]} Nd5 {[%clk 00:29:09]} {[%emt 00:00:43]} 30.
a3 {[%clk 00:23:02]} {[%emt 00:01:08]} Ne7 {[%clk 00:27:21]} {[%emt 00:02:18]}
31. Nd6 {[%clk 00:21:34]} {[%emt 00:01:58]} Ng6 {[%clk 00:25:20]} {[%emt
00:02:31]} 32. Rc8 {[%clk 00:19:32]} {[%emt 00:02:32]} Ne7 {[%clk 00:23:21]}
{[%emt 00:02:29]} 33. Rxa8 {[%clk 00:19:13]} {[%emt 00:00:49]} Rxa8 {[%clk
00:23:39]} {[%emt 00:00:12]} 34. Rc7 {[%clk 00:19:19]} {[%emt 00:00:23]} Kf8
{[%clk 00:23:47]} {[%emt 00:00:24]} 35. f4 {[%clk 00:18:51]} {[%emt 00:00:58]}
Nd5 {[%clk 00:22:17]} {[%emt 00:01:59]} 36. Rxf7+ {[%emt 00:00:38]} Kg8 {[%clk
00:22:37]} {[%emt 00:00:09]} 37. Kf2 {[%clk 00:18:42]} {[%emt 00:00:32]} Rd8
{[%clk 00:22:17]} {[%emt 00:00:49]} 38. Ra7 {[%clk 00:17:58]} {[%emt 00:01:13]}
Rf8 {[%clk 00:21:59]} {[%emt 00:00:49]} 39. g3 {[%clk 00:17:39]} {[%emt
00:00:49]} Kh7 {[%clk 00:21:01]} {[%emt 00:01:28]} 40. Kf3 {[%clk 00:17:35]}
{[%emt 00:00:32]} Re8 {[%clk 00:20:32]} {[%emt 00:01:02]} 41. Nxe8 {[%clk
00:17:17]} {[%emt 00:00:48]} Nxe3 {[%clk 00:20:47]} {[%emt 00:00:15]} 42. Kxe3
{[%clk 00:17:34]} {[%emt 00:00:13]} 1-0